[Event "Troya op 23rd"]
[Site "Canakkale"]
[Date "2015.08.10"]
[Round "4"]
[White "Gulsoy, Mustafa Alpago"]
[Black "Demir, Utku Deniz"]
[Result "1/2-1/2"]
[WhiteElo "1913"]
[BlackElo "1735"]
[PlyCount "81"]
[EventDate "2015.08.08"]
[EventType "swiss"]
[EventRounds "9"]
[EventCountry "TUR"]
[SourceTitle "CBM 167 Extra"]
[Source "ChessBase"]
[SourceDate "2015.09.14"]
[SourceVersion "1"]
[SourceVersionDate "2015.09.14"]
[SourceQuality "1"]

1. e4 c5 2. c3 Nf6 3. e5 Nd5 4. d4 cxd4 5. Nf3 e6 6. cxd4 Nc6 7. Nc3 d6 8. Nxd5 exd5 9. Be2 dxe5 10. dxe5 Be7 11. 0-0 0-0 12. Be3 Be6 13. a3 Rc8 14. b4 a6 15. Rc1 h6 16. Qd2 Re8 17. Qb2 f6 18. Nd4 Nxd4 19. Bxd4 fxe5 20. Bxe5 Bg5 21. f4 Bf6 22. Bh5 Qb6+ 23. Kh1 Bf7 24. Bxf7+ Kxf7 25. Qe2 Rxc1 26. Rxc1 Bxe5 27. fxe5 Kg8 28. Re1 Qe6 29. h3 d4 30. Qe4 Rd8 31. Qxb7 d3 32. Qe4 d2 33. Rd1 Qb3 34. Qf3 Rd3 35. Qe2 Qxa3 36. e6 Re3 37. Qxd2 Rxe6 38. Qd8+ Kh7 39. Qd5 Qe3 40. Qf5+ Rg6 41. Rf1 1/2-1/2